Szybkie pisanie na klawiaturze - Statystyki

Ogólne statystyki
  • Ten quiz został rozwiązany 1 031 razy
  • Średni wynik to 4 z 13
Statystyki odpowiedzi
Przepisz to i tutaj wpisz % Poprawnych
wylegitymowana wylegitymowana
97%
koreańskojaponśki pasztet koreańskojapoński pasztet
74%
bydgoszcz bydgoszcz
70%
inspektor inspektor
61%
mauritius mauritius
44%
gotycki gotycki
40%
antyirański pocisk antyirański pocisk
16%
melonowe pączki melonowe pączki
13%
Saloniki Saloniki
3%
Niemcy Wschodnie Niemcy Wschodnie
2%
Front Wschodni Front Wschodni
1%
Polska Republika Ludowa Polska Republika ludowa
1%
wafelek kitkat wafelek kitat
0%
Nie znaleziono quizów pasujących do podanych kryteriów
Rozkład punktacji
Procent ludzi z każdym wynikiem
Percentyl według liczby udzielonych odpowiedzi
Twoja historia wyników
Nie rozwiązałeś tego quizu